[Event "Karlovy Vary op"]
[Site "Karlovy Vary"]
[Date "2009.04.30"]
[Round "3"]
[White "Vredenborg, Carel"]
[Black "Bechynsky, Jan"]
[Result "1/2-1/2"]
[WhiteElo "1999"]
[BlackElo "1769"]
[PlyCount "50"]
[EventDate "2009.04.29"]
[EventType "swiss"]
[EventRounds "7"]
[EventCountry "CZE"]
[SourceTitle "CBM 130 Extra"]
[Source "ChessBase"]
[SourceDate "2009.07.02"]
[SourceVersion "2"]
[SourceVersionDate "2009.07.15"]
[SourceQuality "1"]

1. e4 e5 2. Nf3 Nc6 3. Bb5 a6 4. Ba4 Nf6 5. d4 Nxe4 6. 0-0 d5 7. Nxe5 Bd7 8. Bxc6 Bxc6 9. Nxc6 bxc6 10. Qe2 Be7 11. f3 Nd6 12. Bg5 f6 13. Bf4 0-0 14. Nd2 Nf7 15. Nb3 Re8 16. Qd3 Bd6 17. Bg3 Qd7 18. Rfe1 Rxe1+ 19. Rxe1 a5 20. a4 Bxg3 21. hxg3 Qd6 22. Qe3 h6 23. Kh2 Qb4 24. Qe7 Nd6 25. Ra1 Qb6 1/2-1/2

[Event "Friedrichroda op 12th"]
[Site "Friedrichroda"]
[Date "2008.08.06"]
[Round "1"]
[White "Vredenborg, Carel"]
[Black "Kuenne, Lutz Dieter"]
[Result "1-0"]
[WhiteElo "2010"]
[BlackElo "1593"]
[PlyCount "53"]
[EventDate "2008.08.06"]
[EventType "swiss"]
[EventRounds "7"]
[EventCountry "GER"]
[SourceTitle "CBM 126 Extra"]
[Source "ChessBase"]
[SourceDate "2008.11.05"]
[SourceVersion "1"]
[SourceVersionDate "2008.11.05"]
[SourceQuality "1"]
[WhiteTeam "Attikis Aspropirgos (W)"]
[BlackTeam "Attikis Aspropirgos (W)"]
[WhiteTeamCountry "GRE"]
[BlackTeamCountry "GRE"]

1. e4 c5 2. Nf3 e6 3. d4 cxd4 4. Nxd4 a6 5. g3 Qc7 6. Bg2 Nf6 7. 0-0 Nc6 8. Nc3 Be7 9. a4 0-0 10. Re1 Rd8 11. a5 Nxa5 12. e5 Ne8 13. Qg4 d5 14. exd6 Bxd6 15. Qh5 Bc5 16. Bf4 Qe7 17. Nf5 Qf6 18. Nh6+ gxh6 19. Qxc5 Nc6 20. Qe3 Ng7 21. Ne4 Qxb2 22. Bxh6 f5 23. Nc3 Rd7 24. Na4 Qd4 25. Nb6 Qxe3 26. Bxe3 Rd6 27. Nxa8 1-0